书目信息 |
| 题名: |
外国法制史
|
|
| 作者: | 林榕年, , 叶秋华, 主编 | |
| 分册: | ||
| 出版信息: | 北京 中国人民大学出版社 2022.04 |
|
| 页数: | 302页 | |
| 开本: | 26cm | |
| 丛书名: | 新编21世纪法学系列教材 | |
| 单 册: | ||
| 中图分类: | D909.9 | |
| 科图分类: | ||
| 主题词: | 法制史--fa zhi shi--国外--高等教育--教材 | |
| 电子资源: | ||
| ISBN: | 978-7-300-30521-9 | |
| 000 | 01511nam 2200313 450 | |
| 001 | 28034 | |
| 005 | 20221008134606.56 | |
| 010 | @a978-7-300-30521-9@dCNY48.00 | |
| 100 | @a20220512d2022 em y0chiy50 ea | |
| 101 | 0 | @achi |
| 102 | @aCN@b110000 | |
| 105 | @aa a 000yy | |
| 200 | 1 | @a外国法制史@Awai guo fa zhi shi@d= Foreign legal history@f主编林榕年, 叶秋华@zeng |
| 205 | @a第7版 | |
| 210 | @a北京@c中国人民大学出版社@d2022.04 | |
| 215 | @a302页@c图@d26cm | |
| 225 | 2 | @a新编21世纪法学系列教材@Axin bian 21 shi ji fa xue xi lie jiao cai |
| 314 | @a林榕年, 中国人民大学法学院教授, 我国外国法制史学科奠基人, 全国外国法制史研究会创始人之一。叶秋华, 中国人民大学法学院教授, 博士研究生导师。 | |
| 320 | @a有书目 (第294-302页) | |
| 330 | @a本教材的研究范围覆盖埃及法、楔形文字法、古印度法、希伯来法、古希腊法、罗马法、日耳曼法、教会法、中世纪城市法和商法、伊斯兰法、英国法、美国法、法国法、德国法、日本法和俄罗斯法16个在世界历史上最具代表性的法律体系, 对各个法律体系的历史演变、主要法律制度、表现形式、基本特征及历史地位做了详细阐述。与其他同类教材相比, 它重点突出, 线索清晰, 反映学科前沿发展动态。 | |
| 333 | @a普通高等教育“十一五”国家级规划教材 | |
| 410 | 0 | @12001 @a新编21世纪法学系列教材 |
| 510 | 1 | @aForeign legal history@zeng |
| 606 | 0 | @a法制史@Afa zhi shi@x国外@x高等教育@j教材 |
| 690 | @aD909.9@v5 | |
| 701 | 0 | @a林榕年,@Alin rong nian@f1928-2014@4主编 |
| 701 | 0 | @a叶秋华,@Aye qiu hua@f1950-@4主编 |
| 801 | 0 | @aCN@c20220910 |
| 905 | @a河南城建学院图书馆@dD909.9@eL515=7@f2 | |
| 外国法制史= Foreign legal history/主编林榕年, 叶秋华.-第7版.-北京:中国人民大学出版社,2022.04 |
| 302页:图;26cm.-(新编21世纪法学系列教材) |
| 使用对象:普通高等教育“十一五”国家级规划教材 |
| ISBN 978-7-300-30521-9:CNY48.00 |
| 本教材的研究范围覆盖埃及法、楔形文字法、古印度法、希伯来法、古希腊法、罗马法、日耳曼法、教会法、中世纪城市法和商法、伊斯兰法、英国法、美国法、法国法、德国法、日本法和俄罗斯法16个在世界历史上最具代表性的法律体系, 对各个法律体系的历史演变、主要法律制度、表现形式、基本特征及历史地位做了详细阐述。与其他同类教材相比, 它重点突出, 线索清晰, 反映学科前沿发展动态。 |
| ● |
| 相关链接 |
|
|
|
正题名:外国法制史
索取号:D909.9/L515=7
 
预约/预借
| 序号 | 登录号 | 条形码 | 馆藏地/架位号 | 状态 | 备注 |
| 1 | 1580655 | 215806554 | 社科库509/509社科库 80排7列3层/ [索取号:D909.9/L515=7] | 在馆 | |
| 2 | 1580656 | 215806563 | 社科库509/509社科库 80排7列3层/ [索取号:D909.9/L515=7] | 在馆 |